000 00578nam a2200229Ia 4500
003 OSt
005 20220912144326.0
006 a|||||r|||| 00| 0
007 ta
008 220909b |||||||| |||| 00| 0 eng d
020 _aSL001288438
024 _a196407
037 _cTextual
040 _aCSL
_beng
_cCSL
041 _aeng
082 _aCN26 47, h6;J2;7
100 _aschrodinger erwin
245 0 _aStatistical thermodynamics
700 _aschrodinger erwin
942 _hCN26 47, h6;J2;7
_cTEXL
_2CC
999 _c4926
_d4926